000 00353 a2200157 4500
001 156971
020 _a9788584253623
040 _cEscola São Tomás de Aquino
100 _aROCHA, Lavínia
240 1 0 _aEntre 3 segredos
_lpor
245 1 0 _aEntre 3 segredos
300 _a360 p.
362 0 _a2016
697 _a*LITERATURA JUVENIL
942 _cBK
999 _c156971
_d156971